000 00850nam a2200253 i 4500
001 70861
003 ES-MaACL
005 20250809031657.0
007 t|
008 040803s19361940sp ||||1| spa d
040 _cES-MaACL
080 _a347.7(460)
100 1 _aGarrigues, Joaquín (
_d1899-1983)
_9162586
_eaut
245 1 0 _aCurso de derecho mercantil /
_cpor Joaquín Garrigues ; carta-prólogo de F. Clemente de Diego.
260 _aMadrid :
_b[s.n.],
_c1936-1940
_f(Imp. Aguirre)
300 _a2 v. ;
_c22 cm.
650 4 _aDerecho mercantil-
_zEspaña
_911735
700 1 _aDiego y Gutiérrez, Felipe Clemente de,
_9234641
_d1866-1945
_eaui
852 _aES-MaACL
_jF-15682-83
_bR.18124
852 _aES-MaACL
_jC-7312
_z.- Tomo I
942 _cMONOGRAFIA
_n0
999 _c70861
_d70861